[Event "AUS Masters IM"]
[Site "Melbourne AUS"]
[Date "2013.12.18"]
[Round "5.1"]
[White "Levi, Eddy"]
[Black "Smith, Robert W"]
[Result "0-1"]
[WhiteTitle "FM"]
[BlackTitle "FM"]
[WhiteElo "2146"]
[BlackElo "2238"]
[WhiteFideId "3200183"]
[BlackFideId "4300190"]
[EventDate "2013.12.14"]
[EventType "tourn"]

1. e4 c5 2. Nf3 g6 3. d4 cxd4 4. Qxd4 Nf6 5. Bb5 a6 6. e5 axb5 7. exf6 Nc6 8.
Qd1 b4 9. O-O e6 10. c4 Qxf6 11. Nbd2 d5 12. cxd5 exd5 13. Nb3 Be6 14. Re1 Bg7
15. Be3 O-O 16. Nfd4 Rfc8 17. Qd2 Nxd4 18. Bxd4 Qe7 19. Bxg7 Kxg7 20. Qd4+ Qf6
21. Qxb4 Rc2 22. Rf1 Rxb2 23. Qxb7 Ra3 24. Rae1 Raxa2 25. Qb6 d4 26. Rxe6 fxe6
27. Qc7+ Kh6 28. Qg3 Ra3 29. Qh3+ Kg7 30. Rc1 Qxf2+ 31. Kh1 Rc2 32. Rg1 Rc3 33.
Qxe6 Rcxb3 34. Qd7+ Kh6 35. Qg4 Qf6 36. Rc1 Ra7 37. h4 Rf7 38. Qc8 0-1

[Event "AUS Masters IM"]
[Site "Melbourne AUS"]
[Date "2013.12.18"]
[Round "5.2"]
[White "Ootes, Lennart"]
[Black "Zelesco, Karl"]
[Result "0-1"]
[WhiteElo "2147"]
[BlackElo "2145"]
[WhiteFideId "1020986"]
[BlackFideId "3213390"]
[EventDate "2013.12.14"]
[EventType "tourn"]

1. e4 e6 2. d4 d5 3. exd5 exd5 4. Nf3 Bd6 5. Bd3 Ne7 6. O-O Nbc6 7. c3 Bg4 8.
Re1 Qd7 9. Nbd2 O-O 10. h3 Bf5 11. Nf1 Rae8 12. Ne3 Be4 13. Bxe4 dxe4 14. Ng5
Ng6 15. Qg4 Qxg4 16. hxg4 h6 17. Nh3 Nh4 18. Nc4 g5 19. b3 f5 20. gxf5 Nxf5 21.
g3 b5 22. Nxd6 cxd6 23. b4 d5 24. a4 Rb8 25. Kg2 a5 26. bxa5 Nxa5 27. Ba3 Rfc8
28. axb5 Nb3 29. Rab1 Rxc3 30. Bc5 Rxb5 31. Red1 Rc2 32. Kg1 Kf7 33. Re1 Kf6 34.
f3 exf3 35. Re8 Rg2+ 36. Kh1 Nxg3# 0-1

[Event "AUS Masters IM"]
[Site "Melbourne AUS"]
[Date "2013.12.18"]
[Round "5.3"]
[White "Wallis, Christopher"]
[Black "Brown, Andrew"]
[Result "1-0"]
[WhiteTitle "FM"]
[BlackTitle "IM"]
[WhiteElo "2320"]
[BlackElo "2245"]
[WhiteFideId "3204839"]
[BlackFideId "3206513"]
[EventDate "2013.12.14"]
[EventType "tourn"]

1. d4 Nf6 2. c4 g6 3. Nc3 Bg7 4. e4 d6 5. h3 O-O 6. Bg5 Na6 7. Bd3 e5 8. d5 Nc5
9. Bc2 a5 10. Nge2 Bd7 11. g4 Qe8 12. Ng3 b5 13. Qf3 b4 14. Bxf6 bxc3 15. b3
Bxf6 16. Qxf6 Qd8 17. Qf3 c6 18. Qxc3 cxd5 19. exd5 f5 20. gxf5 Bxf5 21. Nxf5
gxf5 22. Rg1+ Kh8 23. O-O-O Qf6 24. f4 Rab8 25. fxe5 dxe5 26. Qxa5 Qd6 27. Qc3
Rb7 28. Rge1 Nd7 29. c5 Rc7 30. b4 Re8 31. Qd3 Qh6+ 32. Qe3 f4 33. Qd3 Rb8 34.
c6 f3+ 35. Qe3 Qf6 36. cxd7 f2 37. Rf1 e4 38. Qd4 Qxd4 39. Rxd4 e3 40. Re4 Rc3
41. Kb2 Rc4 42. Rxc4 e2 43. Rc8+ Kg7 44. d8=Q Rxc8 45. Qe7+ 1-0

[Event "AUS Masters IM"]
[Site "Melbourne AUS"]
[Date "2013.12.18"]
[Round "5.4"]
[White "Rujevic, Mirko"]
[Black "Smirnov, Vladimir1"]
[Result "0-1"]
[WhiteTitle "IM"]
[BlackTitle "IM"]
[WhiteElo "2220"]
[BlackElo "2379"]
[WhiteFideId "3202437"]
[BlackFideId "4126505"]
[EventDate "2013.12.14"]
[EventType "tourn"]

1. e4 c5 2. Nf3 Nc6 3. d4 cxd4 4. Nxd4 Nf6 5. Nc3 e5 6. Ndb5 h6 7. Nd6+ Bxd6 8.
Qxd6 Qe7 9. Qxe7+ Kxe7 10. Be3 d6 11. f3 Be6 12. O-O-O a6 13. g4 Rac8 14. h4 Na5
15. Rh2 Nc4 16. Bxc4 Rxc4 17. Rhd2 Rc6 18. Kb1 Nd7 19. Nd5+ Bxd5 20. Rxd5 h5 21.
g5 Rhc8 22. c3 f5 23. exf5 Rf8 24. f6+ gxf6 25. f4 Ke6 26. f5+ Kxf5 27. Rxd6
Rxd6 28. Rxd6 Rf7 29. Kc2 Nf8 30. gxf6 Rxf6 31. Rxf6+ Kxf6 32. Kd3 Kf5 33. a4
Ne6 34. Ke2 Ke4 35. b4 b5 36. axb5 axb5 37. Kd2 Nf4 38. Bc5 Nd3 39. Ba7 Nb2 40.
Ke2 Na4 41. Kd2 Kf3 42. Kc2 e4 43. Bd4 e3 44. c4 e2 45. Kd2 bxc4 46. b5 c3+ 47.
Bxc3 Nxc3 48. b6 Ne4+ 0-1

[Event "AUS Masters IM"]
[Site "Melbourne AUS"]
[Date "2013.12.18"]
[Round "5.5"]
[White "Stojic, Dusan"]
[Black "Lee, Wang Sheng"]
[Result "1-0"]
[WhiteTitle "FM"]
[WhiteElo "2246"]
[BlackElo "2254"]
[WhiteFideId "3203689"]
[BlackFideId "5800358"]
[EventDate "2013.12.14"]
[EventType "tourn"]

1. e4 c6 2. d4 d5 3. Nc3 dxe4 4. Nxe4 Bf5 5. Ng3 Bg6 6. Bc4 e6 7. N1e2 Bd6 8. h4
h6 9. Nf4 Bxf4 10. Bxf4 Nf6 11. Qe2 Nbd7 12. O-O-O Nb6 13. Bd3 Bxd3 14. Rxd3 Qd5
15. Kb1 Nbd7 16. f3 O-O 17. Ne4 a5 18. g4 a4 19. h5 Nxe4 20. fxe4 Qb5 21. e5 f6
22. Bc1 Qd5 23. Rg1 Kh8 24. Re3 Rf7 25. exf6 Nxf6 26. g5 hxg5 27. Re5 Qxd4 28.
Rexg5 Re8 29. Qg2 Nh7 30. Rg6 Qd5 31. Qg3 Qf3 32. Qxf3 Rxf3 33. Rxg7 e5 34. Rxb7
e4 35. Bh6 e3 36. Bg7+ Kg8 37. Bd4+ Ng5 38. Rxg5+ Kf8 39. Bc5+ 1-0

[Event "AUS Masters IM"]
[Site "Melbourne AUS"]
[Date "2013.12.19"]
[Round "6.1"]
[White "Smith, Robert W"]
[Black "Lee, Wang Sheng"]
[Result "1/2-1/2"]
[WhiteTitle "FM"]
[WhiteElo "2238"]
[BlackElo "2254"]
[WhiteFideId "4300190"]
[BlackFideId "5800358"]
[EventDate "2013.12.14"]
[EventType "tourn"]

1. e4 e5 2. Nf3 Nc6 3. Bb5 Nf6 4. d3 Bc5 5. O-O Nd4 6. Nxd4 Bxd4 7. Nd2 c6 8.
Ba4 Bb6 9. Nf3 d6 10. h3 h6 11. Re1 O-O 12. c3 Re8 13. Be3 Nd7 14. Qd2 Qf6 15.
d4 Rd8 16. Rad1 Bc7 17. Qe2 Nf8 18. Nh2 Qg6 19. Qf3 d5 20. Bc2 dxe4 21. Qxe4
Qxe4 22. Bxe4 f5 23. Bc2 e4 24. Bc1 Be6 25. b3 Ba5 26. Bb2 Nh7 27. f3 Nf6 28.
fxe4 fxe4 29. Bxe4 Nxe4 30. Rxe4 Bd5 31. Re7 Re8 32. Rde1 Rxe7 33. Rxe7 b5 34.
Ng4 Kf8 35. Re2 Bc7 36. Ba3+ Kg8 37. Bc5 a5 38. Ne3 Be4 39. Ng4 Bd5 40. Re7 Bf4
41. Ne5 a4 42. bxa4 Rxa4 43. a3 Ra8 44. Ng6 Bd2 45. Bb4 Kh7 46. Ne5 Rf8 47. Ng4
Bg5 48. Re2 Rf7 49. Ne5 Rf5 50. Bd6 h5 51. g4 hxg4 52. hxg4 Rf4 53. Rh2+ Kg8 54.
Rh5 Rf6 55. Rxg5 Rxd6 56. Rg6 Rf6 57. Rxf6 gxf6 58. Nd3 Be6 59. Nb4 Bd7 60. Kf2
Kf7 61. Kg3 Ke6 62. Kf4 Kd6 63. g5 fxg5+ 64. Kxg5 c5 65. dxc5+ Kxc5 66. Nd3+ Kc4
67. Ne5+ Kxc3 68. Nxd7 Kb3 69. Nc5+ Kxa3 70. Na6 Ka4 71. Kf4 Ka5 72. Nc5 Kb4 73.
Na6+ Ka5 1/2-1/2

[Event "AUS Masters IM"]
[Site "Melbourne AUS"]
[Date "2013.12.19"]
[Round "6.2"]
[White "Smirnov, Vladimir1"]
[Black "Stojic, Dusan"]
[Result "1-0"]
[WhiteTitle "IM"]
[BlackTitle "FM"]
[WhiteElo "2379"]
[BlackElo "2246"]
[WhiteFideId "4126505"]
[BlackFideId "3203689"]
[EventDate "2013.12.14"]
[EventType "tourn"]

1. d4 Nf6 2. Nf3 g6 3. Bg5 Bg7 4. c3 c5 5. e3 O-O 6. Nbd2 b6 7. Bd3 Bb7 8. Qe2
d5 9. O-O Ne4 10. Bf4 Nd7 11. Rfd1 f6 12. Nxe4 dxe4 13. Bc4+ Kh8 14. Nd2 cxd4
15. cxd4 f5 16. Rac1 e5 17. dxe5 g5 18. e6 gxf4 19. exf4 Qb8 20. exd7 Qxf4 21.
Nb3 Rad8 22. Ba6 Ba8 23. Rc8 Qg5 24. Nd4 Qf6 25. Nb5 Bc6 26. Rd6 Rxd7 27. Rxf6
Rxc8 28. Bxc8 Bxb5 29. Qc2 Bxf6 30. Bxd7 Bxd7 31. Qc7 Bb5 32. Qxa7 1-0

[Event "AUS Masters IM"]
[Site "Melbourne AUS"]
[Date "2013.12.19"]
[Round "6.4"]
[White "Zelesco, Karl"]
[Black "Wallis, Christopher"]
[Result "1/2-1/2"]
[BlackTitle "FM"]
[WhiteElo "2145"]
[BlackElo "2320"]
[WhiteFideId "3213390"]
[BlackFideId "3204839"]
[EventDate "2013.12.14"]
[EventType "tourn"]

1. d4 Nf6 2. c4 e6 3. Nc3 Bb4 4. e3 O-O 5. Bd3 d5 6. Nf3 c5 7. O-O dxc4 8. Bxc4
cxd4 9. exd4 b6 10. Bg5 Bb7 11. Re1 h6 12. Bh4 Nc6 13. a3 Be7 14. Qd3 Rc8 15.
Rad1 Nh5 16. Bg3 Nxg3 17. hxg3 Bf6 18. Ba2 Ne7 19. Bb1 g6 20. Ne5 Bg7 21. Qe2
Qd6 22. Ba2 a6 23. Ne4 Qc7 24. Nc3 Qd6 25. Ne4 Qc7 26. Nc3 1/2-1/2

[Event "AUS Masters IM"]
[Site "Melbourne AUS"]
[Date "2013.12.19"]
[Round "6.5"]
[White "Levi, Eddy"]
[Black "Ootes, Lennart"]
[Result "1-0"]
[WhiteTitle "FM"]
[WhiteElo "2146"]
[BlackElo "2147"]
[WhiteFideId "3200183"]
[BlackFideId "1020986"]
[EventDate "2013.12.14"]
[EventType "tourn"]

1. e4 e5 2. Nf3 Nc6 3. Bc4 Nf6 4. d4 exd4 5. O-O Nxe4 6. Re1 d5 7. Bxd5 Qxd5 8.
Nc3 Qh5 9. Nxe4 Be6 10. Neg5 O-O-O 11. Nxe6 fxe6 12. Rxe6 Bd6 13. h3 h6 14. Qe2
Qd5 15. Re4 Rhf8 16. Bd2 Bc5 17. Qd3 Rfe8 18. Rae1 Rxe4 19. Qxe4 Qxe4 20. Rxe4
a5 21. Ne1 Bb4 22. Bf4 Bxe1 23. Rxe1 b6 24. Re6 Kb7 25. a3 Rd5 26. Rg6 Rd7 27.
g3 Re7 28. b3 b5 29. Kf1 Kb6 30. Bd2 Kc5 31. f4 a4 32. bxa4 bxa4 33. f5 Rf7 34.
g4 Ne5 35. Re6 Nc4 36. Bb4+ Kb5 37. Re8 Ne3+ 38. Ke2 Nxc2 39. Re7 Rxe7+ 40. Bxe7
Kc4 41. Bf8 d3+ 42. Kd2 Nd4 43. Bxg7 Nf3+ 44. Kd1 Kd5 45. Bxh6 c5 46. Bg7 c4 47.
Bc3 Ng5 48. f6 Ke6 49. h4 Ne4 50. Bd4 c3 51. g5 c2+ 52. Kc1 Ng3 53. Bb2 Ne4 54.
Bd4 Ng3 55. Be3 Nf5 56. Bf2 Nd6 57. h5 Kf5 58. Bc5 Nf7 59. g6 Kxf6 60. gxf7 Kxf7
61. Be3 Kf6 62. Kd2 Kf5 63. Kxd3 1-0

[Event "AUS Masters IM"]
[Site "Melbourne AUS"]
[Date "2013.12.20"]
[Round "7.1"]
[White "Ootes, Lennart"]
[Black "Smith, Robert W"]
[Result "1/2-1/2"]
[BlackTitle "FM"]
[WhiteElo "2147"]
[BlackElo "2238"]
[WhiteFideId "1020986"]
[BlackFideId "4300190"]
[EventDate "2013.12.14"]
[EventType "tourn"]

1. e4 d6 2. d4 Nd7 3. Nc3 e5 4. Nf3 Ngf6 5. g4 h6 6. Rg1 c6 7. a4 a5 8. h4 g6 9.
Bc4 Nb6 10. Ba2 Bxg4 11. dxe5 Bxf3 12. Qxf3 dxe5 13. Be3 Nbd7 14. O-O-O Qe7 15.
Rd2 h5 16. Rgd1 Rd8 17. Bg5 Bh6 18. Kb1 Bxg5 19. hxg5 Nh7 20. Rd6 Nxg5 21. Qd3
h4 22. f4 exf4 23. e5 h3 24. e6 Nxe6 25. Bxe6 fxe6 26. Qxg6+ Qf7 27. Rxe6+ Kf8
28. Qg5 Qxe6 29. Qxd8+ Qe8 30. Rxd7 Qxd8 31. Rxd8+ Kg7 32. Rxh8 Kxh8 33. Ne4 h2
34. Nf2 Kg7 35. Kc1 Kf7 36. Kd2 Ke6 37. Kd3 Kd5 38. b3 b5 39. c4+ bxc4+ 40.
bxc4+ Ke6 41. Ke4 Kd6 42. Kd4 Ke6 43. Nh1 Kf5 44. c5 f3 45. Nf2 Kf4 46. Nh1 f2
47. Nxf2 Kf3 48. Nh1 Kg2 49. Ke3 Kxh1 50. Kf2 1/2-1/2

[Event "AUS Masters IM"]
[Site "Melbourne AUS"]
[Date "2013.12.20"]
[Round "7.3"]
[White "Rujevic, Mirko"]
[Black "Zelesco, Karl"]
[Result "1-0"]
[WhiteTitle "IM"]
[WhiteElo "2220"]
[BlackElo "2145"]
[WhiteFideId "3202437"]
[BlackFideId "3213390"]
[EventDate "2013.12.14"]
[EventType "tourn"]

1. e4 e6 2. d4 d5 3. Nc3 Nf6 4. e5 Nfd7 5. f4 c5 6. Nf3 Nc6 7. Be3 a6 8. Qd2 b5
9. a3 Qa5 10. Ne2 b4 11. dxc5 Nxc5 12. Ng3 Ne4 13. Nxe4 dxe4 14. Nd4 Nxd4 15.
Bxd4 Bb7 16. Rd1 Rd8 17. axb4 Bxb4 18. c3 Be7 19. b4 Qc7 20. Qe3 O-O 21. Be2 a5
22. b5 Rc8 23. O-O Bd5 24. c4 Ba8 25. Bb6 Qxb6 26. Qxb6 Bc5+ 27. Qxc5 Rxc5 28.
Ra1 Rb8 29. Rxa5 f6 30. exf6 gxf6 31. Rd1 Rc7 32. Rd6 Kf7 33. Raa6 Bb7 34. Ra7
Ra8 35. Rxa8 Bxa8 36. b6 Rc6 37. b7 Bxb7 38. Rd7+ Kg6 39. Rxb7 Kf5 40. g3 e3 41.
Kg2 Rd6 42. Kf3 h5 43. Kxe3 e5 44. fxe5 Re6 45. Rb5 h4 46. g4+ Kg5 47. Kd4 Kf4
48. Rb3 Rxe5 49. Bd1 Re4+ 50. Kd5 Re5+ 51. Kc6 Re6+ 52. Kb5 Re1 53. Bf3 h3 54.
c5 Rc1 55. c6 Rc2 56. Bd5 Rxh2 57. c7 Rc2 58. Bc6 h2 59. c8=Q h1=Q 60. Qf5# 1-0

[Event "AUS Masters IM"]
[Site "Melbourne AUS"]
[Date "2013.12.20"]
[Round "7.5"]
[White "Lee, Wang Sheng"]
[Black "Smirnov, Vladimir1"]
[Result "1/2-1/2"]
[BlackTitle "IM"]
[WhiteElo "2254"]
[BlackElo "2379"]
[WhiteFideId "5800358"]
[BlackFideId "4126505"]
[EventDate "2013.12.14"]
[EventType "tourn"]

1. d4 d5 2. c4 c6 3. cxd5 cxd5 4. Bf4 Nf6 5. Nc3 Nc6 6. e3 a6 7. Bd3 Bg4 8. f3
Bh5 9. Nge2 e6 10. g4 Bg6 11. h4 Bd6 12. Kf2 Qe7 13. Bxd6 Qxd6 14. g5 Nd7 15.
Nf4 Bxd3 16. Nxd3 h6 17. f4 h5 18. Na4 g6 19. Rc1 O-O 20. Qd2 Rac8 21. Nac5 Nxc5
22. Rxc5 Ne7 23. Ne5 Nf5 24. Rhc1 Rxc5 25. Rxc5 Rb8 26. Qc2 Qd8 27. Rc7 Nd6 28.
Nxf7 Ne4+ 29. Kg2 Qe8 30. Ne5 Rd8 31. a4 Qf8 32. Nxg6 Qb4 33. Ne7+ Kf8 34. Ng6+
Kg8 35. Ne7+ Kf8 36. Qe2 Qb6 37. Ng6+ Kg8 38. Rc1 Kf7 39. Ne5+ Ke7 40. Kh3 Qb3
41. Kh2 Kf8 42. a5 Qb4 43. Kh3 Qb3 44. Rc2 Ke7 45. Rc7+ Kd6 46. Rc1 Ke7 47. Nd3
Kd6 48. Qc2 Qxc2 49. Rxc2 Rb8 50. Nc5 Nxc5 51. dxc5+ Kc6 52. Kg3 Rd8 53. Rc3 Rd7
54. f5 exf5 55. Kf4 Re7 56. Kxf5 Re4 57. g6 Rxh4 58. Kg5 Rh2 59. g7 Rxb2 60.
Kxh5 Rh2+ 61. Kg6 Rg2+ 62. Kf7 Rf2+ 63. Ke7 Rg2 64. Kf8 Rf2+ 65. Ke8 Rg2 66. Kf8
Rf2+ 67. Kg8 Rf3 68. Rb3 Kxc5 69. Kh7 Rh3+ 70. Kg6 Rg3+ 71. Kf6 Rf3+ 72. Ke5 Rg3
73. Rxb7 Rxe3+ 74. Kf4 Re8 75. Rf7 Rg8 76. Ke5 Kb5 77. Kxd5 Kxa5 78. Kc5 Rc8+
79. Kd4 Rg8 80. Rb7 Ka4 81. Ke5 a5 82. Kf6 Ka3 83. Kf7 Rc8 84. g8=Q Rxg8 85.
Kxg8 a4 86. Kf7 Ka2 87. Ke6 a3 88. Kd5 Ka1 89. Kc4 a2 90. Rh7 Kb2 91. Rh2+ Ka3
92. Rh3+ Kb2 93. Rh2+ Ka3 94. Rxa2+ Kxa2 1/2-1/2

[Event "AUS Masters IM"]
[Site "Melbourne AUS"]
[Date "2013.12.21"]
[Round "8.1"]
[White "Smith, Robert W"]
[Black "Smirnov, Vladimir1"]
[Result "1-0"]
[WhiteTitle "FM"]
[BlackTitle "IM"]
[WhiteElo "2238"]
[BlackElo "2379"]
[WhiteFideId "4300190"]
[BlackFideId "4126505"]
[EventDate "2013.12.14"]
[EventType "tourn"]

1. e4 c5 2. Nf3 Nc6 3. d4 cxd4 4. Nxd4 Nf6 5. Nc3 e5 6. Ndb5 h6 7. Nd6+ Bxd6 8.
Qxd6 Qe7 9. Qxe7+ Kxe7 10. Be3 d6 11. O-O-O Be6 12. f3 a6 13. a3 Rac8 14. g4 Na5
15. h4 Nc4 16. Bxc4 Bxc4 17. Rh2 h5 18. g5 Nd7 19. Rhd2 Rc6 20. f4 Rhc8 21. f5
b5 22. Rf2 Nc5 23. Bxc5 Rxc5 24. f6+ gxf6 25. Rxf6 Be6 26. Rd2 Rxc3 27. bxc3
Rxc3 28. Rd3 Rc4 29. Re3 Bd7 30. Rf2 Bc6 31. Rfe2 Ke6 32. Kb2 f5 33. gxf6 Kxf6
34. Rc3 Rc5 35. Rxc5 dxc5 36. Rf2+ Ke6 37. Rf5 Be8 38. Rg5 a5 39. c3 Bf7 40. Kc2
Kd6 41. Rf5 Ke6 42. Kd3 b4 43. cxb4 cxb4 44. axb4 axb4 45. Kc4 Bg6 46. Rg5 Bxe4
47. Rxh5 Bf3 48. Rg5 e4 49. Kxb4 e3 50. Kc3 e2 51. Kd2 Kf6 52. Ke1 Ke6 53. h5
Kf6 54. h6 Kxg5 55. h7 Bg4 56. h8=Q Bh5 57. Kf2 Kg6 58. Qe5 Bg4 59. Kg3 Bh5 60.
Kf4 Kh6 61. Qg5+ 1-0

[Event "AUS Masters IM"]
[Site "Melbourne AUS"]
[Date "2013.12.21"]
[Round "8.2"]
[White "Brown, Andrew"]
[Black "Lee, Wang Sheng"]
[Result "1-0"]
[WhiteTitle "IM"]
[WhiteElo "2245"]
[BlackElo "2254"]
[WhiteFideId "3206513"]
[BlackFideId "5800358"]
[EventDate "2013.12.14"]
[EventType "tourn"]

1. d4 d5 2. c4 c6 3. Nf3 Nf6 4. Nc3 a6 5. e3 b5 6. b3 Bg4 7. Be2 Nbd7 8. O-O e6
9. Bb2 Qb8 10. cxd5 cxd5 11. h3 Bh5 12. Ne5 Bxe2 13. Nxe2 Nxe5 14. dxe5 Nd7 15.
e4 dxe4 16. Ng3 e3 17. fxe3 Qb7 18. Qg4 Bc5 19. Qxg7 O-O-O 20. Qxf7 Rhg8 21. Qf3
Rg6 22. Rad1 Qxf3 23. Rxf3 Rdg8 24. Kf2 Be7 25. e4 Bc5+ 26. Bd4 Bxd4+ 27. Rxd4
Nxe5 28. Rc3+ Kb7 29. a4 h5 30. axb5 axb5 31. h4 Ng4+ 32. Ke1 Nf6 33. Ne2 Rxg2
34. Rc5 Ra8 35. Rxb5+ Kc6 36. Re5 Ra1+ 37. Kd2 Ra2+ 38. Kc3 Rgxe2 39. Rxe6+ Kb5
40. Re5+ Kc6 41. Re6+ Kb5 42. Rb4+ Kc5 43. Rc4+ Kb5 44. Re5+ Kb6 45. Re6+ Kb5
46. Rxf6 Red2 47. Rf5+ Kb6 48. Rxh5 1-0

[Event "AUS Masters IM"]
[Site "Melbourne AUS"]
[Date "2013.12.21"]
[Round "8.5"]
[White "Ootes, Lennart"]
[Black "Wallis, Christopher"]
[Result "0-1"]
[BlackTitle "FM"]
[WhiteElo "2147"]
[BlackElo "2320"]
[WhiteFideId "1020986"]
[BlackFideId "3204839"]
[EventDate "2013.12.14"]
[EventType "tourn"]

1. e4 e6 2. d4 d5 3. Nc3 Nf6 4. e5 Nfd7 5. f4 c5 6. Nf3 Nc6 7. Be3 cxd4 8. Nxd4
Bc5 9. Qd2 O-O 10. O-O-O a6 11. Qf2 Bxd4 12. Bxd4 b5 13. Kb1 b4 14. Ne2 a5 15.
h4 Ba6 16. Rh3 Qc7 17. Be3 f6 18. exf6 Nxf6 19. Bb6 Qb7 20. Qe3 Rae8 21. Bc5 Rf7
22. Nd4 Bxf1 23. Rxf1 Ne4 24. Nxc6 Qxc6 25. Bb6 e5 26. Bxa5 Qb5 0-1

[Event "AUS Masters IM"]
[Site "Melbourne AUS"]
[Date "2013.12.22"]
[Round "9.1"]
[White "Wallis, Christopher"]
[Black "Smith, Robert W"]
[Result "1/2-1/2"]
[WhiteTitle "FM"]
[BlackTitle "FM"]
[WhiteElo "2320"]
[BlackElo "2238"]
[WhiteFideId "3204839"]
[BlackFideId "4300190"]
[EventDate "2013.12.14"]

1. d4 Nf6 2. c4 g6 3. Nc3 Bg7 4. e4 d6 5. f3 O-O 6. Be3 c5 7. Nge2 Qa5 8. Nc1
cxd4 9. Nb3 Qh5 10. Nxd4 Nc6 11. Qd2 Nxd4 12. Bxd4 Qa5 13. Be2 Be6 14. Rd1 Rfc8
15. b3 a6 16. O-O Nd7 17. Bxg7 Kxg7 18. f4 f6 19. Rf3 b5 20. cxb5 axb5 21. Nxb5
Qxa2 22. Nd4 Bg4 23. Re3 Qxd2 24. Rxd2 Bxe2 25. Rexe2 Rab8 26. Rc2 Rxc2 27. Rxc2
Nc5 28. e5 Rb4 29. exd6 exd6 30. Rc4 Rxc4 31. bxc4 Kf7 32. Kf2 Nd3+ 33. Ke3 Nb2
34. Nb5 Nxc4+ 35. Kd4 d5 1/2-1/2

[Event "AUS Masters IM"]
[Site "Melbourne AUS"]
[Date "2013.12.22"]
[Round "9.2"]
[White "Rujevic, Mirko"]
[Black "Ootes, Lennart"]
[Result "0-1"]
[WhiteTitle "IM"]
[WhiteElo "2220"]
[BlackElo "2147"]
[WhiteFideId "3202437"]
[BlackFideId "1020986"]
[EventDate "2013.12.14"]

1. e4 e5 2. Nf3 Nc6 3. Bb5 Nd4 4. Ba4 Bc5 5. Nxd4 exd4 6. d3 c6 7. Bb3 d5 8.
exd5 cxd5 9. O-O Be6 10. Ba4+ Kf8 11. Bf4 Qf6 12. Qc1 Ne7 13. Bg3 h5 14. Qf4 Nf5
15. h4 Bd6 16. Qf3 Nxg3 17. fxg3 Qxf3 18. Rxf3 Bg4 19. Kf2 Bxf3 20. gxf3 Bb4 21.
a3 Ba5 22. b4 Bb6 23. Nd2 Ke7 24. f4 Kd6 25. Nf3 f6 26. f5 a5 27. bxa5 Rxa5 28.
Bb3 Re8 29. a4 Raa8 30. Rb1 Bc5 31. Rg1 Re7 32. g4 hxg4 33. Rxg4 Rh8 34. Kg3 Rh5
35. Rf4 Re8 36. Kg4 Reh8 37. a5 R5h6 38. Kg3 Ra8 39. Nxd4 Bxd4 40. Rxd4 Rxa5 41.
Rg4 Rh7 42. Rb4 Kc6 43. Ba4+ Kc5 44. Rf4 b5 45. Bb3 Ra7 46. d4+ Kd6 47. Rf3 Re7
48. Rf4 Re3+ 49. Kg4 Re1 50. Kg3 Rh1 51. c3 Rc1 52. Rf3 Rh8 53. Re3 Rc8 54. Re6+
Kd7 55. Bxd5 R8xc3+ 56. Kg4 Rd1 57. Re4 Rcd3 58. Be6+ Kd6 59. Kh5 Rxd4 60. Re2
b4 61. Ra2 Rh1 62. Kg6 Rg4+ 63. Kf7 Rhxh4 64. Ra8 Rh3 65. Rb8 Rhg3 66. Kf8 Rc3
67. Rb6+ Kc7 68. Rb5 Rc6 69. Rd5 Rb6 70. Rd7+ Kc6 71. Rxg7 Rb8+ 0-1

[Event "AUS Masters IM"]
[Site "Melbourne AUS"]
[Date "2013.12.22"]
[Round "9.3"]
[White "Stojic, Dusan"]
[Black "Levi, Eddy"]
[Result "0-1"]
[WhiteTitle "FM"]
[BlackTitle "FM"]
[WhiteElo "2246"]
[BlackElo "2146"]
[WhiteFideId "3203689"]
[BlackFideId "3200183"]
[EventDate "2013.12.14"]

1. c4 e5 2. g3 Nc6 3. Bg2 f5 4. Nc3 Nf6 5. d3 Bb4 6. Bd2 O-O 7. a3 Bxc3 8. Bxc3
d5 9. cxd5 Nxd5 10. Nf3 Nxc3 11. bxc3 Qe7 12. O-O Be6 13. Rb1 Rab8 14. Qa4 Bd7
15. Qc4+ Kh8 16. Qb3 b6 17. Rfe1 Rbe8 18. e3 e4 19. Nd4 Ne5 20. dxe4 Nd3 21. Re2
fxe4 22. Qd5 Rf6 23. Rd2 c6 24. Qxe4 Qxe4 25. Bxe4 Nxf2 26. Rxf2 Rxf2 27. Kxf2
Rxe4 28. Rd1 Re7 29. Nf3 Kg8 30. e4 Bg4 31. Ke3 Kf7 32. Ng5+ Kg6 33. Kf4 Bxd1 0-1

[Event "AUS Masters IM"]
[Site "Melbourne AUS"]
[Date "2013.12.22"]
[Round "9.4"]
[White "Lee, Wang Sheng"]
[Black "Zelesco, Karl"]
[Result "0-1"]
[WhiteElo "2254"]
[BlackElo "2145"]
[WhiteFideId "5800358"]
[BlackFideId "3213390"]
[EventDate "2013.12.14"]

1. d4 d5 2. c4 e6 3. Nf3 c6 4. Nc3 dxc4 5. e3 b5 6. a4 Bb4 7. Bd2 a5 8. axb5
Bxc3 9. Bxc3 cxb5 10. b3 Bb7 11. bxc4 b4 12. Bb2 Nf6 13. Bd3 Nbd7 14. O-O O-O
15. c5 Qc7 16. Bb5 Rfd8 17. Qe2 Ne4 18. Rfc1 Bd5 19. Ne1 f5 20. f3 Nef6 21. Qc2
g5 22. h3 h5 23. Bc4 Qc6 24. Qa4 Kf7 25. Bxd5 Qxd5 26. Nd3 Rdc8 27. Qd1 g4 28.
Nf4 Qc6 29. Qa4 gxf3 30. Qxc6 Rxc6 31. Nd3 Rg8 32. Rc2 b3 33. Rf2 Ra6 34. Nc1
Ne4 35. Rxf3 Rb8 36. Ra4 Ndf6 37. Nd3 Nd5 38. Ne5+ Ke8 39. Nc4 Rb4 40. Rxa5 Rxa5
41. Nxa5 Ra4 42. Nxb3 Rb4 43. Nc1 Rxb2 44. Nd3 Rb3 45. Nf4 Nd2 46. Rf2 Rb1+ 47.
Kh2 Nf1+ 0-1